00350nam a22001217a 4500003000400000005001700004008004100021050002300062082002300085245002900108260005900137300003200196OSt20140311134813.0130608t xxu||||| |||| 00| 0 eng d aSF 421b.H236 1982 aM 636.7 bH19 1982 aHandbook of dog care. /  aSt. Louis, Missouri : bRalston Purina Company, c1982 a104 p. : bill. ; c18 cm.